Normale Ansicht MARC-Ansicht ISBD

Briefe Friedrich des Großen (Titelsatznr. 44952)

[ MARC ]
MARC-Details
000 -Satzkennung
Kontrollfeld mit fester Länge 00467nam a22001691cc4500
001 - Kontrollnummer
Kontrollfeld a987674802+Band1
035 ## - Systemkontrollnummer
System-Kontrollnummer a987674802
008 - Feld mit fester Länge zur physischen Beschreibung - Allgemeine Angaben
Kontrollfeld mit fester Länge 170707s1914 gw |||| 000u ger d
040 ## - Katalogisierungsquelle
Übertragungsstelle RU-10907106
003 - Kontrollnummer Identifier
Kontrollfeld RU-10907106
245 00 - Titel
Titel Briefe Friedrich des Großen
Zählung des Teils/der Abteilung eines Werkes Band 1
264 ## - Produktion, Veröffentlichung, Distribution, Herstellung und Urheberrechtsvermerk
Herstellungs-, Veröffentlichungs- Vertriebs-, Erzeugungsort Berlin :
Produzent, Herausgeber, Distributor, Hersteller Hobbing,
Datum der Herstellung, der Veröffentlichung, des Vertriebs oder des Urheberschutzvermerks 1914
246 12 - Titelvarianten
Hauptsachtitel/Kurztitel Briefe Friedrich des Großen : in deutscher Übersetzung
Zählung des Teils/der Abteilung eines Werkes Band 1
300 ## - Physische Beschreibung
Umfang 319 S.
773 08 - Übergeordnete Einheit
Datensatzkontrollnummer a987674802
Zählung und erste Seite Band1
942 ## - Zusätzliche Felder (Koha)
Koha-Medientyp Monographien
Exemplare
Ausgeschieden Verloren Klassifikation oder Aufstellungssystematik Beschädigt Nicht entleihbar Heimatbibliothek Aufenthaltsbibliothek Aufstellungsort Erwerbungsdatum Inventarnummer Signatur Barcode Letzte Aktivität Preis gültig von Koha-Medientyp
    Andere/Generische Klassifikation     MWN Osteuropa MWN Osteuropa Lesesaal - 1 07/07/2017 15-01372 X- D 34 ad Fri 37 (1) E004015073CA4B84 23/04/2020 22/03/2021 Monographien